Directors of Robert De Niro Movies - Statistics

General Stats
  • This quiz has been taken 88 times
  • The average score is 35 of 105
Answer Stats
Year Movie Director % Correct
2023 Killers of the Flower Moon Martin Scorsese
98%
2019 The Irishman Martin Scorsese
98%
1995 Casino Martin Scorsese
98%
1991 Cape Fear Martin Scorsese
98%
1990 Goodfellas Martin Scorsese
98%
1982 The King of Comedy Martin Scorsese
98%
1980 Raging Bull Martin Scorsese
98%
1977 New York, New York Martin Scorsese
98%
1976 Taxi Driver Martin Scorsese
98%
1973 Mean Streets Martin Scorsese
98%
1997 Jackie Brown Quentin Tarantino
89%
1974 The Godfather Part II Francis Ford Coppola
88%
2022 Amsterdam David O. Russell
78%
2015 Joy David O. Russell
78%
2012 Silver Linings Playbook David O. Russell
78%
1995 Heat Michael Mann
74%
2006 The Good Shepherd Robert De Niro
72%
1993 A Bronx Tale Robert De Niro
72%
2015 Heist Scott Mann
72%
1987 The Untouchables Brian De Palma
71%
1970 Hi, Mom! Brian De Palma
71%
1969 The Wedding Party Brian De Palma
71%
1968 Greetings Brian De Palma
71%
1984 Once Upon a Time in America Sergio Leone
69%
2019 Joker Todd Phillips
65%
1985 Brazil Terry Gilliam
63%
1978 The Deer Hunter Michael Cimino
55%
2025 The Alto Knights Barry Levinson
51%
2008 What Just Happened Barry Levinson
51%
1997 Wag the Dog Barry Levinson
51%
1996 Sleepers Barry Levinson
51%
2010 Machete Ethan Maniquis &Robert Rodriguez
48%
1991 Backdraft Ron Howard
46%
1994 Mary Shelley’s Frankenstein Kenneth Branagh
45%
1996 The Fan Tony Scott
43%
1976 1900 Bernardo Bertolucci
35%
1987 Angel Heart Alan Parker
34%
2004 Meet the Fockers Jay Roach
31%
2000 Meet the Parents Jay Roach
31%
1998 Ronin John Frankenheimer
31%
2013 The Family Luc Besson
31%
2006 Arthur and the Invisibles Luc Besson
31%
2002 City by the Sea Michael Caton-Jones
31%
1993 This Boy’s Life Michael Caton-Jones
31%
1986 The Mission Roland Joffé
31%
2002 Analyze That Harold Ramis
29%
1999 Analyze This Harold Ramis
29%
1988 Midnight Run Martin Brest
29%
2015 The Intern Nancy Meyers
28%
1990 Awakenings Penny Marshall
26%
2007 Stardust Matthew Vaughn
25%
1998 Great Expectations Alfonso Cuarón
23%
1989 Jacknife David Jones
22%
1997 Cop Land James Mangold
22%
2009 Everybody’s Fine Kirk Jones
22%
2011 Limitless Neil Berger
22%
2001 The Score Frank Oz
18%
1976 The Last Tycoon Elia Kazan
15%
2013 Killing Season Mark Steven Johnson
14%
2004 Shark Tale Bibo Bergeron,Vicky Jenson & Rob Letterman
12%
1989 We’re No Angels Neil Jordan
12%
2012 Being Flynn Paul Weitz
12%
2010 Little Fockers Paul Weitz
12%
2020 The War with Grandpa Tim Hill
12%
1970 Bloody Mama Roger Corman
11%
1996 Marvin’s Room Jerry Zaks
9%
1999 Flawless Joel Schumacher
9%
2013 Grudge Match Peter Segal
9%
2023 Ezra Tony Goldwyn
9%
1995 One Hundred and One Nights Agnès Varda
8%
2000 Men of Honor George Tillman Jr.
8%
1992 Night and the City Irwin Winkler
8%
1991 Guilty by Suspicion Irwin Winkler
8%
2013 Last Vegas John Turteltaub
8%
2016 The Comedian Taylor Hackford
6%
2011 New Year’s Eve Garry Marshall
5%
1993 Mad Dog and Glory John McNaughton
5%
2008 Righteous Kill Jon Avnet
5%
1990 Stanley & Iris Martin Ritt
5%
2002 Showtime Tom Dey
5%
1992 Mistress Barry Primus
3%
2000 The Adventures of Rocky and Bullwinkle Des McAnuff
3%
1971 Born to Win Ivan Passer
3%
1971 The Gang That Couldn’t Shoot Straight James Goldstone
3%
2010 Stone John Curran
3%
1973 Bang the Drum Slowly John D. Hancock
3%
2001 15 Minutes John Herzfeld
3%
2005 Hide and Seek John Polson
3%
1969 Sam’s Song Jordan Leondopoulos
3%
2004 The Bridge of San Luis Rey Mary McGuckian
3%
2004 Godsend Nick Hamm
3%
1971 Jennifer on My Mind Noel Black
3%
2022 Savage Salvation Randall Emmett
3%
2012 Red Lights Rodrigo Cortés
3%
1984 Falling in Love Ulu Grosbard
3%
1981 True Confessions Ulu Grosbard
3%
2016 Dirty Grandpa Dan Mazer
2%
2014 The Bag Man David Grovic
2%
2011 Killer Elite Gary McKendry
2%
2020 The Comeback Trail George Gallo
2%
2011 The Ages of Love Giovanni Veronesi
2%
2012 Freelancers Jessy Terrero
2%
2016 Hands of Stone Jonathan Jakubowicz
2%
2013 The Big Wedding Justin Zackham
2%
2023 About My Father Laura Terruso
2%
No matching quizzes found
Score Distribution
Percent of People with Each Score
Percentile by Number Answered
Your Score History
You have not taken this quiz